Optimalizácia konverzného pomeru v online obchode bakalárska práca

Uložené v:
Podrobná bibliografia
Hlavný autor: Ruman, Erik
Korporativný autor: Fakulta hospodárskej informatiky EU. Katedra aplikovanej informatiky
Ďalší autori: Procházka, Peter, 1968-
Médium: Kniha
Jazyk:Slovak
Vydavateľské údaje: Bratislava 2020
Tagy: Pridať tag
Žiadne tagy, Buďte prvý, kto otaguje tento záznam!

MARC

LEADER 00000nbm a2200000 4500
001 0264639
005 20210510110121.0
041 0 |a slo 
044 |a SK 
245 1 0 |a Optimalizácia konverzného pomeru v online obchode  |b bakalárska práca  |c Erik Ruman ; školiteľ: Peter Procházka 
264 1 |a Bratislava  |c 2020 
300 |a 55 s. 
100 1 |a Ruman, Erik 
700 1 |a Procházka, Peter, 1968- 
710 2 |a Fakulta hospodárskej informatiky EU. Katedra aplikovanej informatiky